Statistiques concernant Culture Générale - Série 627

Cliquez ici pour prendre le quiz!

Statistiques générales

  • Ce quiz a été pris 381 fois
  • Le résultat moyen est 6 sur 10

Statistiques - réponses

QuestionRéponse% Correct
Quel groupe de rock britannique a pour logo une bouche rouge tirant la langue ?The Rolling Stones
85%
Quel adjectif qualifie une année de 366 jours ?bissextile
81%
Quelle est la nationalité des gardes pontificaux du Vatican ?Suisse
80%
Quelle chanteuse française, interprète de "L'Aigle noir", avait pour vrai nom Monique Serf ?Barbara
79%
Quel mot anglais de 4 lettres désigne à la fois l'équipe de foot d'une ville et une crosse de golf ?club
66%
Le désir sexuel qui s'empare des humains vers le milieu de leur vie est surnommé : "le démon de...midi
59%
Quel mot anglais désigne l'unité de longueur valant 0,914 mètre ?yard
42%
En 1979, quel acteur incarne le héros "Mad Max" dans le film du même nom ?Mel Gibson
39%
Quel acteur américain incarne le colonel Kurtz, dans le film "Apocalypse Now" ?Marlon Brando
24%
En 2009, quelle ex-Miss France, originaire de Papeete, chante : "C'est demain" ?Mareva Galanter
16%

Distribution des résultats

Percentile par nombre de réponses

% des personnes avec chaque résultat

Votre développement - résultats

Vous n’avez pas pris ce quiz